000 00592nam a2200217 a 4500
001 23341
005 20180713221409.0
008 140415s1985 mx 000 0 spa d
020 _a9684195230
041 _aspa
082 _a658.4
_bBLA
100 1 _aBlanchard, Kenneth H.,.
245 1 3 _aEL EJECUTIVO AL MINUTO EN ACCION
250 _a1a ed.
260 _aMEXICO :
_bGRIJALBO,
_c1985
300 _a204
490 _aECONOMIA Y EMPRESA
_v1
650 1 4 _aADMINISTRACION INDUSTRIAL
_xEJECUTIVOS
700 1 _aPIGRAU, ANTONIO
_etr.
700 1 _aLORBER, ROBERT
_ecoaut.
999 _c23341
_d23341